Heroes Proved : Peter Newman novel / Oliver North.
It’s the year 2032 and the president claims America is now safe from terror. We’re told Iranian nuclear weapons no longer menace our citizens. Leaders in Washington insist that United Nations treaties and innovative technologies can protect us and assure peace in our time. To save money, “Progressives,” holding power in our capital, have cut the U.S. Armed Forces to the bone. But when the city of Houston is targeted by suicide bombers – and Dr. Martin Cohen, America’s foremost physicist is kidnapped – the brilliantly executed attack sends shock waves around the globe. The price of fuel skyrockets. With the U.S. economy on the brink of catastrophe, leaders in Washington look for a scapegoat – instead of our missing scientist. Enter Peter Newman, a highly decorated U.S. Marine war hero, veteran of multiple high-risk covert operations – and Naval Academy roommate of Dr. Marty Cohen. The precarious quest to find and rescue his friend puts the entire Newman family in lethal peril – and exposes the most ominous threat to the United States in our nation’s history.
Record details
- ISBN: 9781476706313
- ISBN: 147670631X
- ISBN: 9781476706320
- ISBN: 1476706328
- Physical Description: 402 pages ; 24 cm
- Publisher: New York, NY : Threshold Editions, ©2012.
Search for related items by subject
| Genre: | War stories. Suspense fiction. Thrillers (Fiction) Political fiction. |
Search for related items by series
| LDR | 04140cam a2200913 a 4500 | ||
|---|---|---|---|
| 001 | 159752 | ||
| 003 | SBPL | ||
| 005 | 20230109122244.0 | ||
| 008 | 120625s2012 nyu 000 1 eng | ||
| 010 | . | ‡a 2012024268 | |
| 020 | . | ‡a9781476706313 | |
| 020 | . | ‡a147670631X | |
| 020 | . | ‡a9781476706320 ‡q(e-book) | |
| 020 | . | ‡a1476706328 ‡q(e-book) | |
| 024 | 3 | . | ‡a9781476706313 |
| 035 | . | ‡a(OCoLC)797969847 ‡z(OCoLC)796757305 ‡z(OCoLC)962197899 ‡z(OCoLC)964421655 ‡z(OCoLC)965555936 ‡z(OCoLC)966357547 | |
| 050 | 0 | 0. | ‡aPS3614.O776 ‡bH47 2012 |
| 082 | 0 | 0. | ‡a813/.6 ‡223 |
| 100 | 1 | . | ‡aNorth, Oliver. |
| 245 | 1 | 0. | ‡aHeroes Proved : ‡bPeter Newman novel / ‡cOliver North. |
| 260 | . | ‡aNew York, NY : ‡bThreshold Editions, ‡c©2012. | |
| 300 | . | ‡a402 pages ; ‡c24 cm | |
| 336 | . | ‡atext ‡btxt ‡2rdacontent | |
| 337 | . | ‡aunmediated ‡bn ‡2rdamedia | |
| 338 | . | ‡avolume ‡bnc ‡2rdacarrier | |
| 490 | 1 | . | ‡aPeter Newman novel ; ‡vbk 5 |
| 520 | . | ‡aIt’s the year 2032 and the president claims America is now safe from terror. We’re told Iranian nuclear weapons no longer menace our citizens. Leaders in Washington insist that United Nations treaties and innovative technologies can protect us and assure peace in our time. To save money, “Progressives,” holding power in our capital, have cut the U.S. Armed Forces to the bone. But when the city of Houston is targeted by suicide bombers – and Dr. Martin Cohen, America’s foremost physicist is kidnapped – the brilliantly executed attack sends shock waves around the globe. The price of fuel skyrockets. With the U.S. economy on the brink of catastrophe, leaders in Washington look for a scapegoat – instead of our missing scientist. Enter Peter Newman, a highly decorated U.S. Marine war hero, veteran of multiple high-risk covert operations – and Naval Academy roommate of Dr. Marty Cohen. The precarious quest to find and rescue his friend puts the entire Newman family in lethal peril – and exposes the most ominous threat to the United States in our nation’s history. | |
| 600 | 1 | 7. | ‡aPeter Newman |
| 650 | 0. | ‡aPolitical kidnapping ‡vFiction. | |
| 650 | 0. | ‡aPhysicists ‡vFiction. | |
| 650 | 0. | ‡aSecurity consultants ‡vFiction. | |
| 650 | 0. | ‡aTerrorists ‡vFiction. | |
| 650 | 0. | ‡aWorld politics ‡vFiction. | |
| 651 | 0. | ‡aUnited States ‡xPolitics and government ‡vFiction. | |
| 650 | 1. | ‡aWar ‡vFiction. | |
| 655 | 0. | ‡aWar stories. | |
| 655 | 4. | ‡aSuspense fiction. | |
| 655 | 7. | ‡aThrillers (Fiction) ‡2lcgft | |
| 655 | 7. | ‡aPolitical fiction. ‡2lcgft | |
| 830 | 1 | . | ‡aNorth, Oliver, ‡d1943- ‡tPeter Newman novel ; ‡vbk 5. |
| 901 | . | ‡a159752 ‡bAUTOGEN ‡c159752 ‡tbiblio | |